| 000 | 00679cab a2200229 4500 | ||
|---|---|---|---|
| 001 | WB2909-13 | ||
| 008 | 090401t1993 xxu||||| |||| 00| 0 eng d | ||
| 035 | _a(Sirsi) u62996 | ||
| 041 | _aeng | ||
| 245 | _aBirmingham and the National Lottery | ||
| 260 | _c1993 | ||
| 350 | _a0 | ||
| 490 |
_aBirmingham Post _v3 March 1993, 14(1) |
||
| 520 | _aConsiders how Birmingham would benefit from a National Lottery to provide funding for investment in cultural buildings. | ||
| 650 | _aBIRMINGHAM | ||
| 650 | _aCAPITAL INVESTMENT | ||
| 650 | _aFUNDING FOR THE ARTS | ||
| 650 | _aNATIONAL LOTTERY BILL | ||
| 690 | _aECONOMIC AND SOCIAL | ||
| 942 | _n0 | ||
| 948 | _c04/03/1997 | ||
| 999 |
_c39153 _d39153 |
||